Osobnosti našej modernej vedy (4)

Podrobná bibliografia
Hlavný autor: Barica, Ján (Author)
Médium: Článok
Jazyk:Slovak
Témy:
Zdroj: 1. Slovensko 1. Roč. 19, č. 4(1995), s. 60-61
LEADER 00925nab#a2200385#ar4500
001 000040366
003 SVKKK
005 20110725103759.0
008 030616c xo e sloo
FMT
038 |a SVKKK 
040 |a SVKKK  |b slo  |e AACR2 
041 0 |a slo 
044 |a xo  |c SK 
080 |a 6  |2 1981 
080 |a 92  |2 1981 
100 1 |a Barica, Ján  |4 aut 
245 1 0 |a Osobnosti našej modernej vedy (4)  |c Barica Ján, 
300 |b Fotogr. 6 
600 1 4 |a Pajdušáková, Ľudmila,  |d 1916-1979,  |x astronómka sl. 
600 1 4 |a Thurzo, Viliam,  |d 1912-1984,  |x lekár, onkológ sl. 
650 0 4 |a osobnosti sl. 
650 0 4 |a profily 
650 0 4 |a veda 
773 0 |t Slovensko  |g Roč. 19, č. 4(1995), s. 60-61 
957 |a Skalnaté Pleso 
958 |a NP 
958 |a PP 
958 |a RE 
958 |a SV 
974 |d 970722  |a SAB 
992 |a RBX 
BAS
852 |a SVKKK  |b BIB 
998 |a REG